10 Most Played Brawlers - Brawl Stars (May 4th) - Statistics

General Stats
  • This quiz has been taken 14 times
  • The average score is 6 of 10
Answer Stats
Hint Answer % Correct
Dash Mortis
90%
Random Edgar
80%
Tank Bull
70%
Original Colt
70%
Heart Damian
60%
Aggro Bibi
50%
Daggers Crow
50%
Tax Colette
40%
Marksman Pierce
30%
Cavern Churn Rico
30%
No matching quizzes found
Score Distribution
Percent of People with Each Score
Percentile by Number Answered
Your Score History
You have not taken this quiz